Hinduism and monotheistic religions / (Record no. 140545)

MARC details
000 -LEADER
fixed length control field 00602nam a22002057a 4500
005 - DATE AND TIME OF LATEST TRANSACTION
control field 20170530124142.0
010 ## - LCCN (DPL NO)
LC control number ENG-118456
020 ## - INTERNATIONAL STANDARD BOOK NUMBER
International Standard Book Number 9789385485060
Terms of availability 540.00
035 ## - SYSTEM CONTROL NUMBER
System control number EN-101988
037 ## - SOURCE OF ACQUISITION
Source of stock number/acquisition DBAD/PUB
082 ## - DEWEY DECIMAL CLASSIFICATION NUMBER
Classification number 230
100 ## - MAIN ENTRY--PERSONAL NAME
Personal name Ram Swarup
245 ## - TITLE STATEMENT
Title Hinduism and monotheistic religions /
Statement of responsibility, etc by Ram Swarup ; foreword by David Frawley
260 ## - PUBLICATION, DISTRIBUTION, ETC. (IMPRINT)
Place of publication, distribution, etc New Delhi
Name of publisher, distributor, etc Voice Of India
Date of publication, distribution, etc 2015
270 ## - ADDRESS
Address 2/18,Ansari Road
City New Delhi
Postal code 110002
300 ## - PHYSICAL DESCRIPTION
Extent xxiii,213p.
Dimensions 22cm(pbk)
500 ## - GENERAL NOTE
General note Includes index
700 ## - ADDED ENTRY--PERSONAL NAME
Personal name Frawley,David
942 ## - ADDED ENTRY ELEMENTS (KOHA)
Source of classification or shelving scheme Dewey Decimal Classification
Item type English Books
Call number suffix RAM
Classification part 230
Holdings
Withdrawn status Lost status Not for loan Collection code Home library Current library Date acquired Source of acquisition Cost, normal purchase price Full call number Barcode Copy number Cost, replacement price Koha item type
      Non-fiction Patel Nagar Patel Nagar 30/05/2017 DBAD/PUB 540.00 230 RAM EN-101988 1 540.00 English Books

© Delhi Public Library
Hit Counter
free hit counter